00359nam a2200145Ia 4500008004100000041000800041082001400049100003300063245003500096250000800131260002300139300001400162542001500176650002200191220531s9999 xx 000 0 und d aeng bCOM / BHA aBharambe, Manisha And others aComputer Graphics, Semester-IV a2ND aPunebNiralic2017 a8.20, P-8 d30-10-2018 aComputer Graphics